Computer Trivia #1 - Statistics

General Stats
  • This quiz has been taken 182 times
    36 since last reset
  • The average score is 11 of 14
Answer Stats
Answer % Correct
Most popular programming language Python
97%
A common OS Windows
94%
Most basic unit of data Bit
91%
Language used to specify the structure of web pages HTML
91%
Programming language most commonly used for web development JavaScript
91%
Version of the above that comes from multiple computers DDoS
84%
Language used for styling of the above CSS
78%
Attack intended to disrupt systems by sending large amounts of data DoS
75%
Process of changing data so it is unreadable and requires a key to be decoded Encryption
75%
Test used to determine whether a user is human CAPTCHA
72%
Mathematician and computer scientist often considered the father of the modern computer Alan Turing
69%
Base 16 number system Hexadecimal
69%
Where software developers write code IDE
66%
Unique identifier assigned to a device IP address
53%
No matching quizzes found
Score Distribution
Percent of People with Each Score
Percentile by Number Answered
Your Score History
You have not taken this quiz since the last reset